00382nam a2200133Ia 4500008004100000041000800041082001400049100001700063245007100080250001200151260004900163300000900212650002700221230711s9999||||xx |||||||||||||| ||und|| aENG a720bYU-P aYung-Kuo.Lim 0aProblems and solutions on thermodynamics and statistical mechanics a1st Ed. c1990aNew DelhibScientific Publication Ltd, a1990 aMechanical Engineering